Logo BPK

Biblioteka

Politechniki Koszalińskiej

Halbleiterphysik und elektronik : (Rekord nr 9037)

Szczegóły MARC
000 -ETYKIETA REKORDU
podpole kontrolne o stałej długości 00615nam a2200217 i 4500
001 - NUMER KONTROLNY REKORDU
pole kontrolne bg
040 ## - ŹRÓDŁO KATALOGOWANIA
Instytucja, która utworzyła rekord BPK
041 ## - KOD JĘZYKA
Kod języka tekstu pol
080 ## - UNIWERSALNA KLASYFIKACJA DZIESIĘTNA - UKD
UKD 537+621.38
008 - POLE O STAŁEJ DŁUGOŚCI - DANE KONTROLNE
podpole kontrolne o stałej długości s pl f |000 0 pol
100 1# - NAZWA OSOBOWA
Nazwa osobowa BINDMANN, Werner
245 #0 - TYTUŁ/ODPOWIEDZIALNOŚĆ
Tytuł Halbleiterphysik und elektronik :
Ciąg dalszy tytułu Englisch-Deutsch, Deutsch-Englisch /
Pozostałe elementy strefy tytułu i oznaczenia odpowiedzialności W. Bindmann.
250 ## - STREFA WYDANIA
Oznaczenie wydania 2 verbes. Aufl.
260 ## - STREFA ADRESU WYDAWNICZEGO
Miejsce wydania Berlin :
Nazwa wydawcy/dystrybutora VEB Verl. Technik,
Data publikacji, dystrybucji/powstania dokumentu 1965.
300 ## - STREFA OPISU FIZYCZNEGO
Objętość 615 s.
490 1# - STREFA SERII I DOKUMENTU WIELOCZĘŚCIOWEGO - FORMA NIE DO WYSZUKIWANIA
Tytuł i oznaczenie odpowiedzialności serii Technik-Wörterbuch
650 ## - HASŁO PRZEDMIOTOWE W FORMIE NAZWY OGÓLNEJ LUB JEDNOSTKOWEJ
Nazwa ogólna lub geograficzna Słowniki angielsko-niemieckie
650 #9 - HASŁO PRZEDMIOTOWE W FORMIE NAZWY OGÓLNEJ LUB JEDNOSTKOWEJ
Nazwa ogólna lub geograficzna Słowniki niemiecko-angielski
830 ## - HASŁO DODATKOWE SERII LUB DOKUMENTU WIELOCZĘŚCIOWEGO - TYTUŁ UJEDNOLICONY
Tytuł ujednolicony Technik-Wörterbuch
856 ## - LOKALIZACJA I DOSTĘP DO ELEKTRONICZNYCH DOKUMENTÓW ZDALNYCH
Link (URL) http://koha.tu.koszalin.pl/cgi-bin/koha/opac-detail.pl?biblionumber=9037
Tekst linku Katalog online BPK
942 ## - DODATKOWE ELEMENTY (KOHA)
Typ dokumentu Książka
Egzemplarze
Wycofany Status egzemplarza Uszkodzony Dostępność Lokalizacja stała Lokalizacja bieżąca Miejsce przechowywania Sygnatura Kod kreskowy Typ dokumentu
      Dostępny Biblioteka Politechniki Koszalińskiej Biblioteka Politechniki Koszalińskiej Wypożyczalnia BG 8945 01773910 Książka
© 2023 Biblioteka Politechniki Koszalińskiej :: KOHA